01996nam a2200397 a 4500001001200000003000800012006001900020007001500039008004100054010001700095020002500112020002200137020002700159040002100186035002100207050002500228245014000253246012200393260005500515300003600570500025600606500008300862504006600945533015201011650003801163650003401201650003701235655002901272700002901301700001901330710002901349710001701378830005801395856012601453999001901579ebr10680818CaPaEBRm u cr cn|||||||||091105s2009 nyua sb 101 0 eng d z 2009517374 z9781606929353 (pbk.) z1606929356 (pbk.) z9781617285738 (e-book) aCaPaEBRcCaPaEBR a(OCoLC)66584216514aQL698.9b.R27 2009eb00aRadar technology applied to migratory conservation and managementh[electronic resource] /cDirk Kempthorne and Mark D. Myers, editors.3 aApplying radar technology to migratory bird conservation and management : strengthening and expanding a collaborative aNew York :bNova Science Publishers, Inc.,cc2009. avii, 165 p. :bill. (some col.) a"This is an edited, reformatted and augmented edition of a U.S. Geological Survey Open-file report 2007-1361, entitled 'Applying radar technology to migratory [bird] conservation and management: strengthening and expanding a collaborative.'"--Preface. aWorkshop held 24 - 26 October 2006, The Nativo Lodge, Albuquerque, New Mexico. aIncludes bibliographical references (p. [133]-140) and index. aElectronic reproduction.bPalo Alto, Calif. :cebrary,d2013.nAvailable via World Wide Web.nAccess may be limited to ebrary affiliated libraries. 0aRadar in ornithologyvCongresses. 0aBirdsxMigrationvCongresses. 0aBirdsxConservationvCongresses. 7aElectronic books.2local1 aKempthorne, Dirk,d1951-1 aMyers, Mark D.2 aGeological Survey (U.S.)2 aebrary, Inc. 0aU.S. Geological Survey open-file report ;v2007-1361.40uhttp://site.ebrary.com/lib/rucke/Doc?id=10680818zAn electronic book accessible through the World Wide Web; click to view c156398d156398